Province del Mezzogiorno - Statistics

Statistiche generali
  • Questo quiz è stato fatto 46 volte
  • Il punteggio medio è 35 su 38
Risposte nella Mappa
Le risposte nella mappa del quiz sottostante sono codificate secondo una scala di colori dal rosso al verde in base alla % di persone che hanno risposto correttamente.
 
Statistiche sulle risposte
Risposta % Corretto
Bari
100%
Cagliari
100%
Foggia
100%
Lecce
100%
Matera
100%
Messina
100%
Napoli
100%
Palermo
100%
Reggio Calabria
100%
Taranto
100%
Avellino
97%
Brindisi
97%
Catania
97%
Cosenza
97%
Crotone
97%
Ragusa
97%
Sassari
97%
Barletta-Andria-Trani
95%
Caserta
95%
Catanzaro
95%
Potenza
95%
Enna
92%
Nuoro
92%
Siracusa
92%
Trapani
92%
Vibo Valentia
92%
Benevento
89%
Campobasso
89%
L'Aquila
89%
Pescara
89%
Salerno
89%
Sud Sardegna
89%
Agrigento
86%
Caltanissetta
86%
Isernia
86%
Oristano
86%
Teramo
70%
Chieti
68%
Nessun quiz corrispondente trovato
Distribuzione punteggi
Percentuale di utenti per punteggio
Percentile per numero di risposta
I tuoi punteggi nel tempo
Non hai fatto questo quiz